Quizzes
Events
Quiz Creation
Community
Videos
Private Events
Remove Ads
Sign In
Join for FREE
Feedback
Dark Mode
Quiz Categories
Sports
Geography
Music
Movies
Television
Just For Fun
Miscellaneous
History
Literature
Language
Science
Gaming
Entertainment
Religion
Holiday
For Kids
Quiz Lab
Recent
Popular Today
Quiz Kudos Today
Editor Picks
Curator Picks
Quizzes by...
Day
Popularity
Type
Ratings
Length
Year
Community
Subscriptions
Recent Discussions
Orange Saloon
Badges
Playlists
Quests
Create
Leaderboards
Showdown
Live 5
Trivia Bingo
Activity
Puzzle Library
Sporcle Events
Private Events
Virtual Trivia
Globe League
Become a Host
Pub Owners
SporcleCon
Opinionation
Our Games
Videos
Blog
Mobile Apps
Partnerships
Remove Ads and Go Orange
Feedback
Geography
Country
Landmarks
City
State
Population
World
Capital
Continent
Flags
Europe
Africa
Asia
South America
North America
Oceania
Border
Canada
United Kingdom
Topography
United States
Geography
Country
Landmarks
City
State
Population
World
Capital
Continent
Flags
Europe
Africa
Asia
South America
North America
Oceania
Border
Canada
United Kingdom
Topography
United States
Random Quiz
Search Sporcle
×
Curator Pick
Curator Pick
Geography
United States
Type in answers that appear in a list
Type in answers that appear in a list
Classic
Best Score? Go Orange.
U.S. State Seals (pictures) Stats
Can you name the U.S. state seals?
By
jonesjeffum
8m
50 Questions
494 Plays
494 Plays
494 Plays
Comments
Comments
Give Quiz Kudos
Give Quiz Kudos
-
- Ratings
hide this ad
More Info
Forced Order
Answers have to be entered in order
Answers have to be entered in order
Replay
Link that replays current quiz
Next Quiz
Link to next quiz in quiz playlist
You Got
0%
They Got
Avg Score
40%
Avg Friend Score
Upgrade to see
Score Distribution
Jump to the score distribution portion of the page
Score
0/50
Timer
08:00
0
Plays Today
#
State
% Correct
5
Washington
86.6%
17
Alabama
75.9%
1
Hawaii
60.1%
3
California
57.9%
16
Louisiana
57.3%
2
Rhode Island
56.7%
4
Kentucky
55.3%
13
Texas
54%
15
New York
50.8%
7
Arizona
48.8%
19
Virginia
48%
26
Illinois
48%
14
Michigan
46.8%
12
Maryland
46.2%
23
Massachusetts
45.7%
34
Georgia
45.3%
22
Utah
41.3%
28
Colorado
41.1%
21
Oklahoma
40.7%
25
Oregon
40.1%
24
Tennessee
39.1%
50
New Mexico
39.1%
33
Florida
38.5%
37
Connecticut
37.9%
46
New Hampshire
36.8%
#
State
% Correct
38
Indiana
36%
44
Maine
36%
32
Delaware
35.8%
11
Ohio
35.6%
18
Alaska
35.2%
41
New Jersey
34.4%
31
Montana
34.2%
42
Vermont
34%
9
Nevada
33.8%
10
Wisconsin
32.6%
8
Pennsylvania
32.4%
49
Missouri
32.2%
39
South Carolina
32%
30
North Carolina
31.8%
40
Minnesota
31.4%
43
Nebraska
30.4%
47
Kansas
30.4%
6
Wyoming
30%
29
West Virginia
30%
35
South Dakota
29.8%
45
Iowa
29.8%
20
Mississippi
28.7%
27
Arkansas
28.3%
36
Idaho
28.1%
48
North Dakota
25.5%
Quiz Playlist
Details
Report
Send in Message
Add To Playlist
More Info:
Seals have been modified to remove state name
Classic:
Type in answers that appear in a list
Forced Order:
Answers have to be entered in order
Last Updated: Mar 15, 2018
Curator Pick in
Flags
Quiz Scoreboard
CHALLENGE
Sign Up to Join the Scoreboard
Show All
Scores
Hide
Comments
May contain spoilers
Recently Published
NBA Finals Game Top Scorers (2010s)
by flibbidy
Sports
5m
Guess the 'R' Things in 3 Words
by MSUKent
Miscellaneous
3m
Actor to Badly Drawn Movie III
by MoMosMoProblems
Movies
5m
More to Explore
Quiz From the Vault
Featured Blog Post
Where Does Lost Luggage Go?
hide this ad
You Might Also Like...
Tags
Flags Quiz
State Quiz
United States Quiz
seal
Today's Top Quizzes in Geography
Browse Geography
hide this ad
Today's Top Quizzes in United States
Browse United States
Top Contributed Quizzes in Geography
1
Countries of the World - No Outlines Minefield
2
Find the Landmarks A-Z
3
Lietuvos savivaldybės (Lithuanian Municipalities)
4
Blind Ultimate Minefield: World
5
Ultimate Geography Challenge 'A'
6
Find the US States - No Outlines
7
3, 2, 1 or 0: Land Borders
8
Complete the Map Snippet (Minefield) IX
9
Complete the Map Snippet (Minefield) X
10
Nickname Match: U.S. States
Explore More
Trending Topics
Marvel
Crossword
Kpop
Harry Potter
Anime
Disney
NBA
Pokémon
WWE
The Office
Soccer
NFL
Puzzle
Country
Song
hide this ad
More By:
jonesjeffum
Quiz
Plays
Rating
Category
Featured
Created
NBA Players by Face
1,633,684
4.55
Sports
Feb 17, 2011
NBA Playoffs Statistical Leaders
404,341
4.54
Sports
Apr 16, 2010
City by Landmark Photo
374,802
4.08
Geography
May 5, 2010
Sports Logo Silhouettes
302,733
4.19
Sports
Jan 24, 2013
Sightseeing in North America
275,314
3.76
Geography
May 3, 2010
Go to Creator's Profile
Score Distribution
Quiz Creator Spotlight
jonesjeffum
Follow
Send a Message
Quizzes Created
-
Created Quiz Play Count
-
More By This Creator
Popular Quizzes Today
1
Find the US States - No Outlines Minefield
2
Find the US States
3
The Countries of the World
4
10 Largest US States in Order
5
Find the Countries of Europe - No Outlines Minefield
6
US States
7
Guess the 'R' Things in 3 Words
8
NBA Finals Game Top Scorers (2010s)
More Geography Quizzes
Countries of Europe: First & Last Letter
Published
Trending Quizzes
First Name TV: Leading Men
Match the Book to the Film II
First Name TV: Leading Women Drama
3-Word Movies in 1 Word II
Match the Book to the Film VI
Recently Updated
Women's Final Four Teams by Year
bhenderson79
Presidents Quartet II
eogle
Anything But Clue(do)
eogle
Anything But Oceanian Capitals
eogle
Anything But 7
eogle
Anything But Thing
eogle
Word Ladder: February 29
pecheneg
Song Title Questions
pecheneg
Women's NCAA Tournament #1 Seeds
pecheneg
Celebrity Mug Shots
pecheneg
Trending Topics
Kpop
Crossword
Anime
Marvel
Disney
NBA
Harry Potter
Country
Pokémon
Puzzle
WWE
The Office
Soccer
Song
NFL
Your Account Isn't Verified!
In order to create a playlist on Sporcle, you need to verify the email address you used during registration. Go to your
Sporcle Settings
to finish the process.
Report this User
Report this user for behavior that violates our
Community Guidelines
.
Details:
Send Report
Go to the Sporcle.com Mobile Site →
Comments